000 01117nac a22003017a 4500
001 BR8500035
003 BR-BrBNA
005 20240105120224.0
008 230509b bl.|||m| |||| 00| 0 por d
040 _aBR-BrBNA
_bpor
_cBiblioteca Nacional de Agricultura
072 _aF00
090 _a0150 BR8500035
100 1 _aNascimento Neto, F. do
100 1 _aNunes, L.N. e
100 1 _aAndrade, M. de
110 1 _aEmpresa de Pesquisa Agropecuaria do Estado do Rio de Janeiro, Niteroi (Brasil)
245 1 _aCondicionantes da pratica de exploracao da soca na cultura do arroz [Oryza sativa, Rio de Janeiro, Brasil]
246 1 _a[Conditioning factors of rice rhizoma cropping practices [Oryza sativa, Rio de Janeiro, Brazil]]
260 3 _aNiteroi, RJ (Brasil):
_c1984.
300 _a2 p.
490 _aPesquisa em Andamento - Empresa de Pesquisa Agropecuaria do Estado do Rio de Janeiro (Brazil)
_vno. 31
_xISSN 0101-5052
650 _aARROZ
650 _aSOCA
650 _aCULTIVO DA SOCA
650 _aRIO DE JANEIRO
909 _a202312
_bLúcia Elande
_c55
_dLúcia Elande
942 _2AGRIS
_n0
_cMS
999 _c278408
_d278408